Los textos del 98 / (Record no. 182995)

MARC details
000 -LEADER
campo de control de longitud fija 00917nam a2200241 i 4500
001 - NÚMERO DE CONTROL
campo de control 182995
003 - IDENTIFICADOR DE NÚMERO DE CONTROL
campo de control ES-MaACL
005 - FECHA Y HORA DE LA ÚLTIMA TRANSACCIÓN
campo de control 20240418104251.0
008 - DATOS DE LONGITUD FIJA--INFORMACIÓN GENERAL
campo de control de longitud fija 140110s2002 sp | |||| ||spa d
020 ## - NÚMERO INTERNACIONAL ESTÁNDAR DEL LIBRO
Número Internacional Estándar del Libro 84-8448-196-4
080 ## - NÚMERO DE LA CLASIFICACIÓN DECIMAL UNIVERSAL
Número de la Clasificación Decimal Universal 821.134.2.09"18/19"
245 04 - MENCIÓN DEL TÍTULO
Título Los textos del 98 /
Mención de responsabilidad, etc. al cuidado de Juan Carlos Ara y José Carlos Mainer ; José Carlos Mainer ... [et al.].
260 ## - PUBLICACIÓN, DISTRIBUCIÓN, ETC.
Lugar de publicación, distribución, etc. Valladolid :
Nombre del editor, distribuidor, etc. Centro para la Edición de los Clásicos Españoles,
Fecha de publicación, distribución, etc. 2002.
300 ## - DESCRIPCIÓN FÍSICA
Extensión 267 p. ;
Dimensiones 22 cm.
504 ## - NOTA DE BIBLIOGRAFÍA, ETC.
Nota de bibliografía, etc. Bibliografía: p. 259-267.
650 #7 - PUNTO DE ACCESO ADICIONAL DE MATERIA--TÉRMINO DE MATERIA
Término de materia o nombre geográfico como elemento de entrada Generación del 98 (Literatura)
9 (RLIN) 13051
700 0# - ENTRADA AGREGADA--NOMBRE PERSONAL
Nombre de persona Ara Torralba, Juan Carlos.
9 (RLIN) 22142
700 1# - ENTRADA AGREGADA--NOMBRE PERSONAL
Nombre de persona Mainer, José-Carlos,
Fechas asociadas al nombre 1944-
9 (RLIN) 75599
852 ## - LOCALIZACIÓN
Ubicación ES-MaACL
Número de control de estantería A-12940
itemnumber 189929
Sublocalización o colección R.149799
Ubicación en estantería Depósito 1
Signatura antigua Olim: N-5940
Encuadernación Donación: Real Academia Española
914 ## - NOMBRE ENTIDAD DE DONANTE
RLIN 6336
Nombre de congreso/reunión o jurisdicción como elemento de entrada Real Academia Española
Unidad subordinada Donante
942 ## - ELEMENTOS DE ENTRADA SECUNDARIOS (KOHA)
Fuente del sistema de clasificación o colocación Clasificación decimal universal
Tipo de ítem Koha Libro impreso
Holdings
Estatus retirado Estado de pérdida Fuente del sistema de clasificación o colocación Estado de daño No para préstamo Biblioteca de origen Biblioteca actual Ubicación en estantería Fecha de adquisición Fuente de adquisición Total de préstamos Signatura topográfica completa Código de barras Visto por última vez Precio de reemplazo Tipo de ítem Koha
    Clasificación decimal universal     Biblioteca del Ateneo de Madrid Biblioteca del Ateneo de Madrid Depósito 1 10/01/2014 Donación   A-12940 1192334 23/02/2023 23/02/2023 Libro impreso